00570nam a22002057a 450000500170000000800410001701000150005802000260007303500130009903700130011204000130012508200080013810000160014624500820016226000350024427000450027930000340032465000030035870000030036120110510145255.0110510t xxu||||| |||| 00| 0 eng d aENG-102425 a9788120342873c250.00 aEN-85958 bDBAD/PUB aDPLbEng a485 aGangal,J.K. aA practical course for developing writing skills in English /cby J.K.Gangal aNew DelhibPHI Learning c2011 aM-97,Connaught CircusbNew Delhie110001 axx, 360 p. :c23cm (pbk)bill